000 00340 a2200097 4500
245 0 0 _aElementy urządzeń mikrofalowych - Falowody kwadratowe Główne wymiary PN-74/T-80345 /
_cMin. Przem. Maszynowego.
246 1 3 _aPN-74/T-80345
246 1 3 _a621.372.82
260 _aWarszawa :
_bMin. Przem. Maszynowego,
_c1974.
300 _a2 stron ;
_c30 cm.
650 _aPolska norma
999 _c19531
_d19531